Statistics for Common Knowledge #30

Click here to take the quiz!

General Stats

  • This quiz has been taken 402 times
  • The average score is 14 of 23

Answer Stats

HintAnswer% Correct
What were the three main ally powers during World War II?United States
97%
What were the three main ally powers during World War II?Great Britain
90%
Which fruit does Spongebob live in?Pineapple
82%
What were the three main ally powers during World War II?Soviet Union
81%
Where did Harry Potter go to school?Hogwarts
78%
Frogs begin life as what?Tadpoles
78%
What is the most populous city in Canada?Toronto
76%
Which body parts continue to grow throughout your entire life?Ears
73%
When a movie is rated "PG", what does that stand for?Parental Guidance
71%
What country is bordered by Germany, the Czech Republic, Slovakia, and Ukraine?Poland
69%
What is the main substance used to make a crayon?Wax
68%
Which body parts continue to grow throughout your entire life?Nose
67%
Who sings the song “Bad Guy”?Billie Eilish
65%
What do snakes smell with?Their tongue
64%
Where is the uvula located?Throat
58%
The Stanley Cup is awarded to which sport?Hockey
56%
What largely creates the Earth’s ties through gravitational pull?The moon
51%
What did the lion want most in The Wizard of Oz?Courage
49%
What company makes the Butterfinger bar?Nestle
46%
What is the biggest supermarket chain in the U.S.?Kroger
21%
What is the most common species of bird found in the world?Chicken
17%
If a male donkey is a jack, what is the female called?Jenny
16%
What phase is after the new moon and before the first quarter?Waxing Crescent
13%

Score Distribution

Percentile by Number Answered

Percent of People with Each Score

Your Score History

You have not taken this quiz